Europe Countries - Statistics

General Stats
  • This quiz has been taken 23 times
    5 since last reset
  • The average score is 31 of 45
Answers on the Map
Answers color-coded by a green-red scale on the quiz's map according to % correct below.
 
Answer Stats
Answer % Correct
France
100%
Germany
100%
Italy
100%
Poland
100%
Spain
100%
Ukraine
100%
United Kingdom
100%
Austria
80%
Belarus
80%
Belgium
80%
Croatia
80%
Denmark
80%
Finland
80%
Greece
80%
Iceland
80%
Ireland
80%
Luxembourg
80%
Monaco
80%
Netherlands
80%
Norway
80%
Portugal
80%
Russia
80%
Slovenia
80%
Sweden
80%
Switzerland
80%
Vatican City
80%
Andorra
60%
Liechtenstein
60%
Malta
60%
San Marino
60%
Serbia
60%
Slovakia
60%
Albania
40%
Bosnia and Herzegovina
40%
Bulgaria
40%
Czechia
40%
Estonia
40%
Hungary
40%
Kosovo
40%
Latvia
40%
Lithuania
40%
Moldova
40%
Montenegro
40%
North Macedonia
40%
Romania
40%
No matching quizzes found
Score Distribution
Percent of People with Each Score
Percentile by Number Answered
Your Score History
You have not taken this quiz since the last reset